00243nam a22000977a 4500082001400000100001600014245003200030260005400062300000800116650002100124 a220.7 BRO aBrown, S.S. aThe Jerome Bible Commentary aBangalorebTheological Publication in Indiac1968 a637 aBible-commentary